• 首页
  • 本馆介绍
  • 公告通知
  • 最新文献
  • 馆藏检索
  • 电子资源
  • 读者导购
  • 参考咨询
  • 我的图书馆
  • 登录
  • 详细信息显示
  • 放入我的书架
  • 预约/预借图书
  • 作者相关作品
  • 分类相关作品
  • 丛书相关作品
  • 出版社相关作品

书目信息

  • 表格格式
  • 工作单格式
  • 卡片格式
题名:
幼儿文学作品导引
    
 
作者: 方美波 编著
分册:  
出版信息: 杭州   浙江大学出版社  2009
页数: 319页
开本: 26cm
丛书名:
单 册:
中图分类: I106.8 , I18
科图分类:
主题词: 儿童文学--文学研究--世界--高等学校--教材 , 儿童文学--作品--世界--选集
电子资源:
ISBN: 978-7-308-06953-3
000 00915nam0 2200253 450
001 1550050751
005 20150125135322.50
010    @a978-7-308-06953-3@dCNY35.00
100    @a20100105d2009 em y0chiy50 ea
101 0  @achi
102    @aCN@b330000
105    @aa z 000zy
200 1  @a幼儿文学作品导引@9you er wen xue zuo pin dao yin@f方美波等编著
210    @a杭州@c浙江大学出版社@d2009
215    @a319页@c图@d26cm
300    @a高等学校儿童艺术教育系列教材
330    @a本书共十个单元。第一单元选用了四篇中外著名儿童文学大师论述儿童文学的理论文章,其余九个单元分为幼儿诗歌、幼儿散文、神话、传说、民间故事、寓言、童话、幼儿生活故事、幼儿图画故事和幼儿戏剧。
606 0  @a儿童文学@x文学研究@y世界@x高等学校@j教材
606 0  @a儿童文学@x作品@y世界@j选集
690    @aI106.8@v5
690    @aI18@v5
701  0 @a方美波@9fang mei bo@4编著
801  0 @aCN@bTSSF@c20150125
905    @aZUCC@dI106.8@eJY2
    
    幼儿文学作品导引/方美波等编著.-杭州:浙江大学出版社,2009
    319页:图;26cm
    高等学校儿童艺术教育系列教材
    
    ISBN 978-7-308-06953-3:CNY35.00
    本书共十个单元。第一单元选用了四篇中外著名儿童文学大师论述儿童文学的理论文章,其余九个单元分为幼儿诗歌、幼儿散文、神话、传说、民间故事、寓言、童话、幼儿生活故事、幼儿图画故事和幼儿戏剧。
●
相关链接 在E读中查询图书 在五车中查询图书 在当当中查询图书 在豆瓣中查询图书


正题名:幼儿文学作品导引     索取号:I106.8/JY2         预约/预借

序号 登录号 条形码 馆藏地/架位号 状态 备注
1 7858638   278586380   学院路分馆/ [索取号:I106.8/JY2] 在馆    
唐山师范学院图书馆 欢迎您!
大连网信软件有限公司© 版权所有